Lineárne rovnice = Linear equations Lineare Gleichungen. I. diel /

Uloženo v:
Podrobná bibliografie
Hlavní autoři: Olejár, Marián sr. Sr (Autor), Olejárová, Iveta (Autor)
Médium: Kniha
Jazyk:slovenština
Vydáno: Bratislava : Young Scientist, [2008]
Vydání:[1. vyd.]
Edice:Zbierka vyriešených príkladov zväzok 25
Témata:
ISBN:8088792444
On-line přístup: Získat plný text
Tagy: Přidat tag
Žádné tagy, Buďte první, kdo vytvoří štítek k tomuto záznamu!

MARC

LEADER 00000aam a2200000 4500
003 SK-BrCVT
005 20220621172501.0
008 091208s2008 xo e ||||||slo d
020 |a 8088792444 
035 |a CVTIDW1514781 
040 |b slo  |a CVTI SR  |e AACR2 
041 0 |a slo 
044 |a xo 
080 |a 517.9  |2 UDC-MRF 
100 1 |a Olejár, Marián  |4 aut  |c sr.  |c Sr, 
245 1 0 |a Lineárne rovnice =  |b Linear equations Lineare Gleichungen.  |n I. diel /  |c Marián Olejár, Iveta Olejárová 
250 |a [1. vyd.] 
260 |a Bratislava :  |b Young Scientist,  |c [2008] 
300 |a 65 s. 
490 1 |a Zbierka vyriešených príkladov  |v zväzok 25 
500 |a 497 vyriešených príkladov 
653 1 |a lineárna rovnica 
655 4 |a cvičebnice 
700 1 |a Olejárová, Iveta  |4 aut 
760 1 |t Zbierka vyriešených príkladov 
910 |b A609454  |b A609487  |b A609488 
919 |a 80-88792-44-4 
974 |f Knihy 
992 |a ACV 
999 |c 195856  |d 195856